| 000 | 01486cam a2200397Ia 4500 | ||
|---|---|---|---|
| 001 | 10842745 | ||
| 003 | OSt | ||
| 005 | 20150408114228.0 | ||
| 006 | m o u | ||
| 007 | cr cn||||||||| | ||
| 008 | 130718s2013 njua sb 000 0 eng d | ||
| 020 | _z9789814460149 | ||
| 020 | _z9789814460156 | ||
| 035 | _a(CaPaEBR)ebr10731522 | ||
| 035 | _a(NNC)10842745 | ||
| 040 |
_aCaPaEBR _cCaPaEBR |
||
| 050 | 1 | 4 |
_aQC174.4 _b.C65 2013eb |
| 082 |
_223 _a530.81 _bCOQ |
||
| 245 | 0 | 0 |
_aComplex quantum systems _h[electronic resource] : _banalysis of large Coulomb systems / _ceditor: Heinz Siedentop. |
| 246 | 3 | 0 | _aQuantum systems |
| 246 | 3 | 0 | _aCoulomb systems |
| 260 |
_a[Hackensack], NJ : _bWorld Scientific, _cc2013. |
||
| 300 |
_axi, 290 p. : _bill. |
||
| 490 | 1 |
_aLecture notes series, _x1793-0758 ; _vv. 24 |
|
| 504 | _aIncludes bibliographical references. | ||
| 533 |
_aElectronic reproduction. _bPalo Alto, Calif. : _cebrary, _d2013. _nAvailable via World Wide Web. _nAccess may be limited to ebrary affiliated libraries. |
||
| 650 | 0 | _aQuantum statistics. | |
| 650 | 0 |
_aQuantum electrodynamics _xMathematics. |
|
| 655 | 7 |
_aElectronic books. _2local |
|
| 700 | 1 | _aSiedentop, Heinz. | |
| 710 | 2 | _aebrary, Inc. | |
| 830 | 0 |
_aLecture notes series (National University of Singapore. Institute for Mathematical Sciences) ; _vv. 24. |
|
| 856 | 4 | 0 |
_uhttp://www.columbia.edu/cgi-bin/cul/resolve?clio10842745 _zClick here for full text. |
| 942 |
_2ddc _cBOOK |
||
| 999 |
_c36095 _d270595 |
||